Journal of Insurance Issues

Detalles Bibliográficos
Formato: Revista
Lenguaje:inglés
Publicado: Lafayette (Louisiana) : Western Risk & Insurance Association, 1978-
Materias:
Acceso en línea:http://www.vlex.com/source/7213

MARC

LEADER 00000nas a22000007a 4500
005 20130321175154.0
007 cr|||| ||||
008 130321c19789999xxufr|p s|||| 0|||a1eng d
022 |a 15316076  
035 |a 7213 
040 |a vLex 
090 |c 3977  |d 3977 
245 0 0 |a Journal of Insurance Issues  |h [Recurso electrn̤ico]  
256 |a Servicio en ln̕ea 
260 |a Lafayette (Louisiana) :  |b Western Risk & Insurance Association,   |c 1978- 
300 |a 1 Recurso electrn̤ico 
506 |d vLex Global  |d vLex Global (Academic Edition, excluding Law Schools)  |d vLex Global (U.S. Academic Edition, Law Schools)  |d vLex Global (U.S. Academic Edition, excluding Law Schools)  |d vLex Global (Academic Edition, Law Schools) 
650 0 4 |a Seguros  |v Revistas 
650 0 4 |a Finanzas  |v Revistas 
740 |a vLex Revistas (Servicio en ln̕ea) 
856 |a Acceso restringido  |u http://www.vlex.com/source/7213 
942 |c REV 
999 0 |a Insurance